Analysing organizational behaviour
Αποθηκεύτηκε σε:
| Άλλοι συγγραφείς: | |
|---|---|
| Μορφή: | Βιβλίο |
| Γλώσσα: | English |
| Δημοσίευση: |
Houndmills :
Macmillan,
1991
|
| Θέματα: | |
| Ετικέτες: |
Προσθήκη ετικέτας
Δεν υπάρχουν, Καταχωρήστε ετικέτα πρώτοι!
|
MARC
| LEADER | 00000nam a2200000 i 4500 | ||
|---|---|---|---|
| 001 | 1/61036 | ||
| 008 | 980605s1991 eng d | ||
| 020 | |a 0333517040 | ||
| 035 | |l 10028822 | ||
| 040 | |a GR-MY-UA |b gre |e aacr | ||
| 041 | 0 | |a eng | |
| 082 | 0 | |a 658.3 | |
| 245 | 1 | 0 | |a Analysing organizational behaviour / |c edited by: Mike Smith |
| 260 | |a Houndmills : |b Macmillan, |c 1991 | ||
| 300 | |a xiv, 284 p. | ||
| 504 | |a Includes indexes | ||
| 650 | 0 | 0 | |a Organizational behavior. |
| 650 | 0 | 0 | |a Personnel management. |
| 700 | 1 | |a Smith, Mike |q (J. Mike) |4 edt | |
| 852 | |a INST |b CHIOS |e 19980605 |h 658.3 ANA |p 005200016306 |q 005200016306 |t BK |y 0 | ||
| 901 | |a BIBL-1998-2 | ||
| 909 | |a Χ |b 056618 | ||
| 922 | |a 2ΕΛΗ |b 199805 |c ΤΔΕ |d ΠΑΠΑΣΩΤΗΡΙΟΥ | ||